000 00857nam a2200289Ia 4500
001 Z_5127
003 CHAP
008 220113s2004 xx 000 0 und d
010 _a168184
040 _cCHAP
090 _aTesis M 1812
100 _aMartínez Ramírez, Marcos
_972420
245 _aEstado mineral de vacas con o sin edema en ubre /
_cpor Marcos Martínez Ramírez
260 _aChapingo, Méx. :
_bEl autor,
_c2004
300 _a63 h.
502 _aTesis (Ing. Agr. Esp. en Zootecnia) -- UACH. Departamento de Zootecnia
650 _aElementos minerales
_936259
650 _aGanado vacuno
_xNutrición
_945498
650 _aGlándulas mamarias
_xEnfermedades
_948294
650 _aMinerales en nutrición animal
_975937
901 _aTESIS M 1812
902 _aM
910 _a2004
942 _c2
942 _c2
999 _c168184
_d168184